00435 a2200145 4500003000500000005001700005040000900022082001100031245006000042505002900102650002200131651001400153999001900167952010300186Nust20170207154601.0 cNust a025.34 aFollow Me : Units : 31-38, side 1: units: 39-45, side 2 aAlmirah No.73 shelf No.6 aEnglish learning  aFollow Me c198599d198599 00102ddc40708NFICaMCSbMCSd2016-12-12l0o025.34 FOLpMCSCst-13r2016-12-08w2016-12-12yBK